1887 1934 1755 1947 1183 1351 1031 1157 1498 1347 1628 1235 1121 1354 1147 1056 1405 1058 1846 1666 1233 1244 1186 1146 1484 1269 1235 1575 1624 1765 1969 1805 1810 1533 1868 1685 1215 1365 1331 1084 1003 1927 1859 1595 1431 1254 1180 1774 1922 1646 1506 1890 1260 1122 1765 1407 1561 1008 1835 1904 1963 1666 1216 1132 1746 1927 1108 1973 1069 1960 1301 1604 1699 1283 1215 1800 1344 1320 1904 1698 1229 1901 1439 1705 1968 1344 1030 1131 1560 1263 1601 1953 1527 1505 1725 1079 1827 1292 1853 BCNSPRNW ULIB Ver.6.0+V

เปลี่ยนเป็นภาษาไทย

Change to English
 แสดงรายละเอียดบรรณานุกรม
  กลับหน้าหลัก

Brief Record : Get Marc (ISO 2709) : E-mail record : QR code < ปิดหน้าต่าง
LEADER : 00000nam 2200000uu 4500
001    13399125663
003     ULIB
008    170713s2558||||th 000 0 tha d
020    ^a9786167392486
060  0 ^aWB395^bพ124ก
100 0  ^aพงศ์เทพ สิทธิน้อย
245 00 ^aกินเป็น สุขภาพดี 24 ชั่วโมง /^cพงศ์เทพ สิทธิน้อย
260    ^aกรุงเทพฯ :^bเอ็นเค มีเดีย,^c2558
300    ^a144 หน้า :^bภาพประกอบ ;^c21 ซม.
650  0 ^aโภชาการ^xการกิน
650  0 ^aอาหาร
945    ^p99^l0^i002652
999    ^aประนอม เกษจรัล
รายการนี้ยังไม่มีแท็ก
คุณยังไม่ได้ล็อกอิน คุณสามารถมีกิจกรรมร่วมกับเว็บไซต์ได้ แต่ต้องล็อกอินก่อน ::
  ล็อกอิน

รายการสื่อสารสนเทศ

ลำดับที่ ประเภท เลขเรียก/บาร์โค้ด สถานที่ สถานะ
1. วิทยาศาสตร์การแพทย์ และสุขภาพ
วิทยาศาสตร์การแพทย์ และสุขภาพ
WB395 พ124ก ฉ.1 
  Barcode: 002652
ห้องสมุดวิทยาเขตสวรรค์ประชารักษ์
►หนังสือทั่วไป
บนชั้น

รายการใกล้เคียง
    ผู้แต่ง [พงศ์เทพ สิทธิน้อย]

    หัวเรื่อง [อาหาร]

BibComment


ยังไม่เคยถูกคอมเมนท์

คอมเมนท์ทรัพยากรรายการนี้
  คอมเมนท์: กินเป็น สุขภาพดี..


 Copyright 2026. Bcnsprnw @Library